000 00371nam a2200157Ia 4500
001 37209
005 20240114001925.0
007 ta
008 070602s a g b000 u u
082 _a822.3309
_bve 58 M
100 _aVerma, C D .
245 0 _aMeasure for Measure /
_cC D Verma.
_hTextual Documents
300 _bill ;
942 _2ddc
_cBK
999 _c37191
_d37191